Reflections on Indian Politics in Recent Yeara/ (Record no. 211839)

MARC details
000 -LEADER
fixed length control field 00613nam a22001937a 4500
005 - DATE AND TIME OF LATEST TRANSACTION
control field 20250616163358.0
010 ## - LCCN (DPL NO)
LC control number ENG-145383
020 ## - INTERNATIONAL STANDARD BOOK NUMBER
Terms of availability 250.00
International Standard Book Number 9789385199134
035 ## - SYSTEM CONTROL NUMBER
System control number EN-128915
037 ## - SOURCE OF ACQUISITION
Source of stock number/acquisition DBAD
082 ## - DEWEY DECIMAL CLASSIFICATION NUMBER
Classification number 320.0954
100 ## - MAIN ENTRY--PERSONAL NAME
Personal name Jayaramu, P.S.
245 ## - TITLE STATEMENT
Title Reflections on Indian Politics in Recent Yeara/
Statement of responsibility, etc P.S. Jayaramu
250 ## - EDITION STATEMENT
Edition statement 1
260 ## - PUBLICATION, DISTRIBUTION, ETC. (IMPRINT)
Name of publisher, distributor, etc Beyondline Publisher
Place of publication, distribution, etc Bangalore
Date of publication, distribution, etc 2024
270 ## - ADDRESS
Address 513, Ground Floor, Arkavathi Layout, 19th Block Chelikere, Kalyan Nagar
City Bangalore
Postal code 560043
300 ## - PHYSICAL DESCRIPTION
Extent 216p.
Dimensions 22 cm (pb)
942 ## - ADDED ENTRY ELEMENTS (KOHA)
Source of classification or shelving scheme Dewey Decimal Classification
Item type English Books
Classification part 320.0954
Call number suffix JAY
Holdings
Withdrawn status Lost status Not for loan Collection code Home library Current library Date acquired Source of acquisition Cost, normal purchase price Full call number Barcode Copy number Cost, replacement price Koha item type
      Non-fiction Sarojini Nagar Sarojini Nagar 16/06/2025 Delivery of Books Act Division 250.00 320.0954 JAY EN-128915 1 250.00 English Books

© Delhi Public Library
Hit Counter
free hit counter